Piosenki Taylor Swift - nagła śmierć - Statystyki

Ogólne statystyki
  • Ten quiz został rozwiązany 4 444 razy
  • Średni wynik to 8 z 20
Answers on the Grid
Answers color-coded by a green-red scale on the quiz's grid according to % correct below.
All Too Well
Bad Blood
Begin Again
Behind Your Eyes
Blank Space
Broken Guitar
Cardigan
Champagne Problems
Cruel Summer
Dangerous Liaisons
Dear John
Dime Store Romance
Empty Fields
Fog Lights
Fortnight
Getaway Car
Illicit Affairs
Lavender Haze
Lost and Found
Love Story
Lover
Mr. Perfectly Fine
No Body, No Crime
No Direction
Nothing Out West
Same Four Chords
Shake It Off
Snow on the Beach
Swipe Right
The Story of Us
Tight End Lover
Tim McGraw
 
Statystyki odpowiedzi
Odpowiedź % Poprawnych
Bad Blood
69%
Shake It Off
67%
Blank Space
65%
Love Story
55%
Cruel Summer
53%
Lover
51%
Cardigan
46%
All Too Well
45%
Fortnight
39%
The Story of Us
39%
Champagne Problems
32%
Lavender Haze
32%
Getaway Car
31%
Dear John
29%
Mr. Perfectly Fine
28%
No Body, No Crime
28%
Begin Again
25%
Snow on the Beach
24%
Illicit Affairs
21%
Tim McGraw
21%
Nie znaleziono quizów pasujących do podanych kryteriów
Rozkład punktacji
Procent ludzi z każdym wynikiem
Percentyl według liczby udzielonych odpowiedzi
Twoja historia wyników
Nie rozwiązałeś tego quizu